| 000 | 01523nam2a22002291 4500 | ||
|---|---|---|---|
| 001 | rc\3608397 | ||
| 005 | 20250610050958.0 | ||
| 035 | _a(NLR Aleph) 007710883 | ||
| 090 |
_a6848354 _c6848354 |
||
| 100 | _a20130115d1973 |||y0rusy50 ca | ||
| 101 | 0 | _arus | |
| 102 | _aRU | ||
| 105 | _ay z ||||| | ||
| 200 | 1 | _aКаменные работы | |
| 210 |
_d1973 _aБ. м. |
||
| 215 | _a27 с. | ||
| 461 | 0 |
_1001rc\3608395 _12001#$aМестные нормы и расценки на строительные, монтажные и ремонтно-строительные работы, [не вошедшие в ВНиР и ЕНиР, 1969 г.$eВ 7 вып.]$eВып. 1-$fУкр. межколхозное объединение по стр-ву. Упр. организации труда и заработной платы. Центр. нормат.-исслед. станция$vВып. 2. Разд. 3 _96848336 _cКиев _d1972 _fУкр. межколхозное объединение по стр-ву. Упр. организации труда и заработной платы. Центр. нормат.-исслед. станция _nБ. и. _oВ 7 вып.] : Вып. 1- _tМестные нормы и расценки на строительные, монтажные и ремонтно-строительные работы, [не вошедшие в ВНиР и ЕНиР, 1969 г. _vВып. 2. Разд. 3 |
|
| 801 | 0 |
_aRU _bNLR _gpsbo |
|
| 801 | 1 |
_aRU _bELAR _2rusmarc |
|
| 852 |
_aNLR _bСВТЛ |
||
| 942 | _cBOOK | ||
| 980 | _aNB | ||